000 00429nam a2200181Ia 4500
005 20250603145006.0
008 250603s9999 xx 000 0 und d
020 _a0130408298
050 _aQC 760 .U49/
100 _aUlary, Fawwaz T.
245 0 _aFundamentals of applied electromagnetics
260 _aNew Jersey
260 _bPrentice Hall
260 _c2001
300 _a338 p
650 _aNew Jersey
942 _cBK
999 _c40553
_d40553